Talent Development on Time of COVID-19 Prevention Measures in the Slovak Republic Organizations

Miera spokojnosti talentovaných zamestnancov s programami rozvoja talentov, ktoré ponúkajú ich zamestnávatelia počas pandémie COVID-19.

Saved in:
Bibliographic Details
Main Author: Škerháková, Veronika
Other Authors: Harničárová, Michaela, Tirpák, Denis
Format: Book Chapter
Language:English
Subjects:
Tags: Add Tag
No Tags, Be the first to tag this record!

MARC

LEADER 00000naa a2200000 4500
001 0281611
005 20221216121322.2
041 0 |a eng 
044 |a SK 
245 1 0 |a Talent Development on Time of COVID-19 Prevention Measures in the Slovak Republic Organizations  |c Veronika Škerháková, Michaela Harničárová, Denis Tirpák 
520 |a Miera spokojnosti talentovaných zamestnancov s programami rozvoja talentov, ktoré ponúkajú ich zamestnávatelia počas pandémie COVID-19. 
610 2 0 |a organizácie 
610 2 0 |a koronavírus 
610 2 0 |a talenty 
610 2 0 |a manažment 
610 2 0 |a zamestnanci 
610 2 0 |a talent manažment 
100 1 |a Škerháková, Veronika 
700 1 |a Harničárová, Michaela 
700 1 |a Tirpák, Denis